Statistiken für Größte Städte im Regierungsbezirk Düsseldorf

Klicken Sie hier um das Quiz zu spielen!

Allgemein

  • Dieses Quiz wurde 105 mal gespielt
  • Das Durchschnittsergebnis liegt bei 17 aus 30

Antwortstatistiken

#EinwohnerStadt% Korrekt
1619.477Düsseldorf
94%
3495.152Duisburg
90%
2579.432Essen
90%
6227.050Krefeld
90%
10152.731Neuss
87%
4354.572Wuppertal
84%
7208.752Oberhausen
80%
5261.001Mönchengladbach
78%
8170.739Mülheim an der Ruhr
76%
1386.424Ratingen
73%
9158.957Solingen
71%
12103.725Moers
67%
2938.808Mettmann
61%
11111.770Remscheid
59%
1577.523Viersen
56%
1667.114Dinslaken
50%
2352.470Kleve
50%
2156.855Meerbusch
50%
1481.593Velbert
50%
1960.688Wesel
49%
1863.922Grevenbroich
43%
2255.182Hilden
43%
1764.553Dormagen
41%
2059.223Langenfeld
38%
2643.594Erkrath
32%
2841.913Monheim am Rhein
32%
3037.847Kamp-Lintfort
29%
2450.133Willich
29%
2543.661Kaarst
26%
2742.508Nettetal
23%

Verteilung der Resultate

Perzentil nach korrekt beantworteten Fragen

Anzahl Personen mit jedem Resultat

Ihre Resultats-Entwicklung

Sie haben dieses Quiz noch nicht gespielt